Odd One Out - Religion Quiz Stats

 Plays Quiz Updated Nov 23, 2019

Score 0/10 Timer 05:00
6 Plays Today
Question Answer Wrong Answers
Which of these is not a house of worship? Bottle
75.3%
(Christine) Chapel
8.5%
Temple
3.8%
(Thomas Haden) Church
8.2%
Which of these is not a Roman God or Goddess? RuPaul is not a Roman Goddess
74.3%
Diana
9.9%
Juno
8.8%
Saturn
5.4%
Which of these is not one of the plagues of Egypt? Bees are not a plague of Egypt
73.4%
Locusts
10.2%
Flies
10.4%
Frogs
4.5%
Which of these is not one of the 12 Apostles? Mel Gibson is not an apostle
72.6%
Simon (Cowell)
19.8%
John (Lennon)
2.7%
Matthew (McConaughey)
4.6%
Which of these is not a papal name? No pope named Barney Rubble
71.9%
John Paul (Lennon & McCartney)
4.8%
Linus
9.9%
Sylvester
11.2%
Which of these is not a member of the Catholic clergy? Scarlett Johansson is not a Catholic clergy member
71.8%
(Alexander) Pope
17.7%
Bishop
3.1%
Cardinal
4.3%
Which of these is not one of the seven deadly sins? Jerry Garcia is not a deadly sin
66.7%
Greed (1924 film)
15%
Pride (of lions)
12.5%
Sloth
2.6%
Which of these is not a book of the Bible? Sharon Stone is not a book of the Bible
51.5%
Daniel (Radcliffe)
26.8%
Genesis
10.7%
Kings
6.9%
Which of these does not feature in the twelve labours of Hercules? No Herculean labour involving keys
38.6%
Golden APPLES of the Hesperides
32.8%
Erymanthian BOAR
20.1%
Nemean LION
5.7%
Which of these is not a creature in Greek mythology? Pronghorn Antelope is not a Greek creature
30.1%
Phoenix
26.9%
Sphinx
27.1%
Cyclops
13.5%

You're not logged in!

Compare scores with friends on all Sporcle quizzes.
OR
Log In

Sporcle TV

Today on Sporcle TV


Watch our educational content, quiz creation guides, and fun videos on Sporcle TV.

Show Comments

Extras

Top Quizzes Today


Score Distribution

Your Account Isn't Verified!

In order to create a playlist on Sporcle, you need to verify the email address you used during registration. Go to your Sporcle Settings to finish the process.

Report this User

Report this user for behavior that violates our Community Guidelines.

Details: